Geography by First Two Letters- Ab - Statistics

General Stats
  • This quiz has been taken 69 times
    41 since last reset
  • The average score is 3 of 5
Answer Stats
# Hint Answer % Correct
4 The capital of the United Arab Emirates Abu Dhabi
97%
5 The capital of Nigeria. Abuja
93%
1 The 27th largest city in Texas, split between Taylor and Jones counties. Abilene
43%
2 Autonomous region of Georgia claiming independence. Abkhazia
33%
3 Second-largest city in Benin. Abomey-Calavi
3%
No matching quizzes found
Score Distribution
Percent of People with Each Score
Percentile by Number Answered
Your Score History
You have not taken this quiz since the last reset